Co to za kraj? - rozpoznaj po obiekcie - Statystyki

Ogólne statystyki
  • Ten quiz został rozwiązany 147 razy
  • Średni wynik to 13 z 16
Statystyki odpowiedzi
Obrazkowy Odpowiedź % Poprawnych
Włochy
99%
Egipt
98%
Niemcy
98%
Wielka Brytania
98%
USA
97%
Brazylia
96%
Grecja
95%
Rosja
95%
Polska
94%
Japonia
92%
Francja
91%
Australia
88%
Arabia Saudyjska
64%
Izrael
60%
Kazachstan
19%
Uzbekistan
16%
Nie znaleziono quizów pasujących do podanych kryteriów
Rozkład punktacji
Procent ludzi z każdym wynikiem
Percentyl według liczby udzielonych odpowiedzi
Twoja historia wyników
Nie rozwiązałeś tego quizu